People with Y Initials - Statistics

General Stats
  • This quiz has been taken 193 times
    100 since last reset
  • The average score is 8 of 22
Answer Stats
Clue Person % Correct
YO John Lennon's second wife Yoko Ono
92%
YG First man to orbit Earth Yuri Gagarin
82%
YA PLO chairman, 1969-2004 Yasser Arafat
70%
YS World-renowned French fashion designer Yves Saint Laurent
68%
YI Formerly known as Cat Stevens Yusuf Islam
61%
YM 7'6" basketball player Yao Ming
51%
YR Israeli P.M. assassinated in 1995 Yitzhak Rabin
51%
YH "The Real Housewives of Beverly Hills" star and mother of Gigi and Bella Yolanda Hadid
49%
YB HOF Yankees catcher Yogi Berra
46%
YC New age musician known morefrequently by a single name Yiannis Chryssomallis
36%
YT Ivorian footballer, Kolo's brother Yaya Touré
34%
YN Only French male tennis playerto win the French Open Yannick Noah
33%
YZ Boris Pasternak novel protagonist Yuri Zhivago
30%
YE "If I Can't Have You" singer Yvonne Elliman
24%
YK South Korean figure skater called the "Queen" Yuna Kim
23%
YP Oligarch who founded the Wagner Group; Nicknamed "Putin's chef" Yevgeny Prigozhin
21%
YD Greatest Japanese baseball pitcher? Yu Darvish
11%
YL China's first astronaut in space Yang Liwei
10%
YJ Gambian president,1996-2017 Yahya Jammeh
5%
YY Korean actress who won theBest Supporting Actress in 2021 Youn Yuh-jung
5%
YF Succeeded Shinzo Abe in his first term as prime minister Yasuo Fukuda
2%
YV Dutch speed skater who unexpectedly won three gold medals in Calgary 1988 Yvonne van Gennip
2%
No matching quizzes found
Score Distribution
Percent of People with Each Score
Percentile by Number Answered
Your Score History
You have not taken this quiz since the last reset